000 004380000a22001570004500
001 6679
090 _a6679
100 _a19990602 19992 m||y0pory5003 ba
102 _aPT
200 _aSegunda Reunião do Programme Board for observation (PB-OBS) da EUMETNET
_eParis, 26 Mar 1999
_fRenato de Carvalho
210 _aLisboa
_cIM
_d1999
215 _a30 p.
_d29 cm
317 _aOrigem: IM
606 _aRELATORIOS
_zIM
675 _a
700 1 _aCarvalho
_bRenato de